Culture Générale - Série 363 - Statistiques

Statistiques générales
  • Ce quiz a été pris 267 fois
  • Le résultat moyen est 8 sur 10
Statistiques - réponses
Question Réponse % Correct
Quel artiste, à qui l'on doit la chanson "Amsterdam", était surnommé "le Grand Jacques" ? Jacques Brel
94%
De quel pays Luiz Inácio Lula da Silva, plus connu sous le nom de Lula a-t-il été le président de 2003 à 2011 ? Le Brésil
91%
Quel insecte définit une catégorie de poids en boxe professionnelle ? La mouche
86%
Quelle ville des Alpes-Maritimes est considérée comme la capitale mondiale des parfums ? Grasse
83%
Quelle comédienne incarne à l'écran "Joséphine, ange gardien" ? Mimie Mathy
82%
Quelle artiste est l'interprète du tube "Tata Yoyo" en 1980 ? Annie Cordy
80%
Quel chanteur français s'est affiché fesses nues pour un concert à l'Olympia en 1972 ? Michel Polnareff
70%
Quelle cycliste a été 56 fois championne de France ? Jeannie Longo
69%
Qui était le candidat du Parti communiste français à l'élection présidentielle de 1981 ? Georges Marchais
57%
Sous quel nom de règne Karol Wojtyla était-il connu ? Jean-Paul II
56%
Aucun quiz correspondant
Distribution des résultats
% des personnes avec chaque résultat
Percentile par nombre de réponses
Votre historique - résultats
Vous n’avez pas pris ce quiz